000 01206nam0a22003139 4500
001 RU\NLR\b_ik\11345
005 20250616224243.0
010 _a1-85278-105-X
035 _a(NLR Aleph) 002086224
090 _a4903846
_c4903846
100 _a19950127d1990 |||y0rusy50 ca
101 0 _arus
102 _aRU
105 _ay |||||||||
200 1 _aWho's who in British economics
_eA directory of economists in higher education, business a. gov.
_fEd. by Paul Sturges a. Claire Sturges
210 _aAldershot (Hants.)
_cElgar
_dcop.1990
215 _a[2], IX, 627 c.
_d24
541 0 _aКто есть кто в британской экономике. Справочник экономистов в высшем образовании,бизнесе и правительстве.
606 0 _aЭкономисты
_xВеликобритания
_xСправочники
_2nlr-sh1
686 0 _aУ9(4Вл)д.я2
_2rubbk
702 1 _aSturges
_bPaul
_4340
801 0 _aRU
_bNLR
_c20011010
_gPSBO
801 1 _aRU
_bNLR
_c20011015
852 _aNLR
_jСи К-3/559
942 _cBOOK
980 _aNB